LEADER 01503nam a2200277 i 4500 001 000000166276 003 CaOOAMICUS 005 20071108000000.0 008 071108s1939 it u000 u mul u 013 $a143644 040 $aSeMil$bita 100 1 $aVarro, Marcus Terentius,$d<116-27 a.C.>.$0(OLS)http://semarc/name/53909 245 10$aM. Terenti Varronis De vita populi romani :$bfonti, esegesi, edizione critica dei frammenti /$cBenedetto Riposati. 260 $aMilano :$bVita e Pensiero,$c1939. 300 $aIX, 320 p. ;$c26 cm. 490 0 $aPubblicazioni della Università Cattolica del Sacro Cuore. Ser. 4., Scienze filologiche ;$vVol.33. 490 0 $aPubblicazioni della Università Cattolica del Sacro Cuore 650 4$aVarrone, Marco Terenzio <116-27 a.C.>.$0(OLS)http://semarc/subject/31590 700 1 $aRiposati, Benedetto <1903-1986>.$0(OLS)http://semarc/name/40019 830 0$aPubblicazioni della Università Cattolica del Sacro Cuore. Ser. 4., Scienze filologiche ;$vVol.33.$0(OLS)http://semarc/title/9538 830 0$aPubblicazioni della Università Cattolica del Sacro Cuore.$0(OLS)http://semarc/title/22052 850 $aSeMil 852 $aSeMil$W1$xVenegono$y1$m1F VI 41$j117447$B117447$CSeMilBibl$Z2$F128433 $81 961 $aRecupero: Altro 996 $6245$aM. Terenti Varronis De vita populi romani :$bfonti, esegesi, edizione critica dei frammenti$9(OLS)http://semarc/title/237526 996 $6260$aMilano :$bVita e Pensiero$9(OLS)http://semarc/publisher/29642 LEADER 01122nam a2200265 i 4500 001 000000070442 003 CaOOAMICUS 005 20251028095308.0 008 080820s1963 it u000 u ita u 013 $a41614 040 $aSeMil$bita 100 1 $aSartre, Jean-Paul <1905-1980>.$0(OLS)http://semarc/name/526 240 12$aL'existentialisme est un humanisme.$0(OLS)http://semarc/title/113101 245 12$aL'esistenzialismo è un umanismo /$cJean-Paul Sartre ; introduzione di Paolo Caruso. 260 $aMilano :$bMursia,$cstampa 1963. 300 $a129 p. ;$c20 cm. 490 0 $aIl cammino : pensiero e civiltà ;$v2 650 4$aEsistenzialismo - Filosofia.$0(OLS)http://semarc/subject/5568 700 1 $aCaruso, Paolo <1934->.$0(OLS)http://semarc/name/5234 830 3$aIl cammino ;$v2.$0(OLS)http://semarc/title/13185 850 $aSeMil 852 $aSeMil$W1$xVenegono$y1$m2P II 354$j36595$B36595$CSeMilBibl$Z2$F36598 $81 996 $6245$aL'esistenzialismo è un umanismo$9(OLS)http://semarc/title/113100 996 $6260$aMilano :$bMursia$9(OLS)http://semarc/publisher/30230